Statistics for grandson - Discography

Click here to take the quiz!

General Stats

  • This quiz has been taken 45 times
    (44 since last reset)
  • The average score is 41 of 61

Answer Stats

Answer% Correct
Blood Water
94%
Dirty
94%
Drones
94%
Despicable
89%
Heather
89%
Overdose
89%
Bills
83%
Eulogy
83%
Identity
83%
In Over My Head
83%
Riptide
83%
Something To Hide
83%
6:00
78%
Bury Me Face Down
78%
Death of an Optimist Intro
78%
Murderer
78%
Rain
78%
War
78%
When the Bomb Goes
78%
WWIII
78%
Darkside
72%
Drop Dead
72%
I Love You, I'm Trying
72%
Left Behind
72%
Oh No!!!
72%
Stuck Here With Me
72%
We Did It!!!
72%
Best Friends
67%
Die Young
67%
Half My Heart
67%
Pain Shopping
67%
Peaches
67%
Stick Up
67%
Two Along Their Way
67%
Welcome to Paradise Outro
67%
Zen
67%
Apologize
61%
Destroy Me
61%
Maria
61%
Rock Bottom
61%
Stigmata
61%
The Ballad of G and X Interlude
61%
Again
56%
Enough
56%
Fallin (Temptation)
56%
Is This What You Wanted?
56%
I Will Be Here When You're Ready To Wake Up
56%
KULT
56%
Put Me Under
56%
thoughts & prayers
56%
Happy Pill
50%
How Bout Now
50%
Whole Lotta
50%
Heat Seeker
44%
Kiss Bang
44%
lost cause
44%
Until I Come Home
44%
All In My Head
39%
CHOKE
39%
GOOD MOOD
33%
Running From My Shadow
33%

Score Distribution

Percentile by Number Answered

Percent of People with Each Score

Your Score History

You have not taken this quiz since the last reset